Culture and behavior

Furkejuvvon:
Bibliográfalaš dieđut
Váldodahkki: Kluckhohn, Clyde (Dahkki)
Materiálatiipa: Girji
Giella:eaŋgalasgiella
Almmustuhtton: Nueva York Free Press of Glencoe 1962
Fáttát:
Fáddágilkorat: Lasit fáddágilkoriid
Eai fáddágilkorat, Lasit vuosttaš fáddágilkora!

MARC

LEADER 00000nam a2200000 a 4500
001 UCR8579
003 CL-VaPUC
008 980529e19620000US |||||||||||||||||eng|d
082 0 4 |a 301  |b KLU  |2 21 
100 |a Kluckhohn, Clyde  |e author  |9 430954 
245 1 0 |a Culture and behavior 
300 |a 402 p 
942 |c BK 
945 |d 19980529 00:00:00  |a cmena 
260 |a Nueva York  |b Free Press of Glencoe  |c 1962 
650 0 |a Antropología   |9 233030 
650 0 |a Antropología cultural y social   |9 265143 
650 0 |a Sociología   |9 255410 
650 0 |a Costumbres y tradiciones   |9 268292 
650 0 |a Mitología   |9 255719 
650 0 |a Participación social  |9 256140 
650 7 |a ESTRUCTURA SOCIAL  |2 CL-VaPUC  |9 410521 
650 0 |a Ética  |9 255099 
583 |a last modification  |c 19980529 00:00:00  |k Rodrigo Vera 
999 |c 269979  |d 269977 
952 |0 0  |1 0  |4 0  |6 301_000000000000000_KLU_1962  |7 0  |8 P  |9 304074  |a BIBENE  |b BIBENE  |d 2019-11-20  |i 1410377  |o 301 KLU 1962  |p 1410377  |r 2025-01-15  |w 2019-11-20  |y BK  |k ICO